WWE - Kurt Angle's PPV Opponents - Statistics

General Stats
  • This quiz has been taken 1,417 times
    218 since last reset
  • The average score is 106 of 132
Answer Stats
Year Event Match Type Answer % Correct
2000 SummerSlam Triple Threat Match Triple H
99%
2000 Unforgvien No DQ Match Triple H
99%
2000 Armageddon Six-Man Hell in a Cell Match Triple H
99%
2001 Royal Rumble Triple H
99%
2002 No Way Out Triple H
99%
2018 WrestleMania 34 Mixed Tag Team Match Triple H
99%
2000 Fully Loaded The Undertaker
96%
2000 Survivor Series The Undertaker
96%
2000 Armageddon Six-Man Hell in a Cell Match The Undertaker
96%
2001 Survivor Series 5 vs 5 Elimination Match The Undertaker
96%
2002 Vengeance Triple Threat Match The Undertaker
96%
2006 No Way Out The Undertaker
96%
2003 No Mercy John Cena
94%
2004 No Way Out Triple Threat Match John Cena
94%
2004 Survivor Series 4 vs 4 Elimination Match John Cena
94%
2005 No Way Out John Cena
94%
2005 Unforgiven John Cena
94%
2005 Taboo Tuesday Triple Threat Match John Cena
94%
2005 Survivor Series John Cena
94%
2006 New Year's Revolution Elimination Chamber Match John Cena
94%
2017 Survivor Series 5 vs 5 Elimination Match John Cena
94%
2001 Survivor Series 5 vs 5 Elimination Match Kane
93%
2002 WrestleMania X8 Kane
93%
2006 New Year's Revolution Elimination Chamber Match Kane
93%
2017 Tables, Ladders & Chairs 5-on-3 Handicap TLC Match Kane
93%
2005 WrestleMania 21 Shawn Michaels
93%
2005 Vengeance Shawn Michaels
93%
2005 Taboo Tuesday Triple Threat Match Shawn Michaels
93%
2006 New Year's Revolution Elimination Chamber Match Shawn Michaels
93%
2000 SummerSlam Triple Threat Match The Rock
93%
2000 No Mercy No DQ Match The Rock
93%
2000 Rebellion Fatal 4-Way Match The Rock
93%
2000 Armageddon Six-Man Hell in a Cell Match The Rock
93%
2001 No Way Out The Rock
93%
2001 Survivor Series 5 vs 5 Elimination Match The Rock
93%
2002 Vengeance Triple Threat Match The Rock
93%
2001 King of the Ring KOTR Finals Edge
91%
2002 Backlash Edge
91%
2002 Judgment Day Hair vs Hair Match Edge
91%
2002 No Mercy Tag Team Match Edge
91%
2002 Survivor Series Three-Team Elimination Match Edge
91%
2006 WrestleMania 22 Triple Threat Match Randy Orton
91%
2006 ECW One Night Stand Randy Orton
91%
2006 Vengeance Randy Orton
91%
2017 Survivor Series 5 vs 5 Elimination Match Randy Orton
91%
2001 King of the Ring Street Fight Shane McMahon
91%
2017 Survivor Series 5 vs 5 Elimination Match Shane McMahon
91%
2003 No Way Out 3-on-2 Handicap Match Brock Lesnar
90%
2003 WrestleMania XIX Brock Lesnar
90%
2003 Vengeance Triple Threat Match Brock Lesnar
90%
2003 SummerSlam Brock Lesnar
90%
2003 Survivor Series 5 vs 5 Elimination Match Brock Lesnar
90%
2000 WrestleMania 2000 Two-Fall Triple Threat Match Chris Benoit
90%
2000 Insurrextion Chris Benoit
90%
2001 WrestleMania X-Seven Chris Benoit
90%
2001 Backlash Ultimate Submission Match Chris Benoit
90%
2001 Insurrextion Best 2 out of 3 Falls Match Chris Benoit
90%
2001 Judgment Day Best 2 out of 3 Falls Match Chris Benoit
90%
2002 Unforgiven Chris Benoit
90%
2003 Royal Rumble Chris Benoit
90%
2003 No Way Out 3-on-2 Handicap Match Chris Benoit
90%
2018 WrestleMania 34 Mixed Tag Team Match Stephanie McMahon
90%
2000 Rebellion Fatal 4-Way Match Stone Cold Steve Austin
90%
2000 Armageddon Six-Man Hell in a Cell Match Stone Cold Steve Austin
90%
2001 SummerSlam Stone Cold Steve Austin
90%
2001 Unforgiven Stone Cold Steve Austin
90%
2001 No Mercy Triple Threat Match Stone Cold Steve Austin
90%
2001 Vengeance Stone Cold Steve Austin
90%
2000 Backlash The Big Show
90%
2001 Survivor Series 5 vs 5 Elimination Match The Big Show
90%
2002 Armageddon The Big Show
90%
2003 Vengeance Triple Threat Match The Big Show
90%
2003 Survivor Series 5 vs 5 Elimination Match The Big Show
90%
2004 No Way Out Triple Threat Match The Big Show
90%
2004 No Mercy The Big Show
90%
2004 Survivor Series 4 vs 4 Elimination Match The Big Show
90%
2004 Armageddon 3-on-1 Handicap Match The Big Show
90%
2005 Royal Rumble Triple Threat Match The Big Show
90%
2000 No Way Out Chris Jericho
88%
2000 WrestleMania 2000 Two-Fall Triple Threat Match Chris Jericho
88%
2000 King of the Ring KOTR Quarter-Finals Chris Jericho
88%
2001 Rebellion Chris Jericho
88%
2001 Survivor Series 5 vs 5 Elimination Match Chris Jericho
88%
2002 Rebellion Tag Team Match Eddie Guerrero
87%
2002 Survivor Series Three-Team Elimination Match Eddie Guerrero
87%
2004 WrestleMania XX Eddie Guerrero
87%
2004 SummerSlam Eddie Guerrero
87%
2004 Survivor Series 4 vs 4 Elimination Match Eddie Guerrero
87%
2019 WrestleMania 35 Baron Corbin
86%
2002 SummerSlam Rey Mysterio
86%
2002 No Mercy Tag Team Match Rey Mysterio
86%
2002 Survivor Series Three-Team Elimination Match Rey Mysterio
86%
2006 WrestleMania 22 Triple Threat Match Rey Mysterio
86%
2002 Rebellion Tag Team Match Chavo Guerrero
78%
2002 Survivor Series Three-Team Elimination Match Chavo Guerrero
78%
2001 King of the Ring KOTR Semi-Finals Christian
78%
2001 Invasion 5 vs 5 Inaugural Brawl Booker T
76%
2005 Judgment Day Booker T
76%
2000 Judgment Day Six-Man Tag Team Match Rikishi
72%
2000 King of the Ring KOTR Finals Rikishi
72%
2000 Rebellion Fatal 4-Way Match Rikishi
72%
2000 Armageddon Six-Man Hell in a Cell Match Rikishi
72%
2006 Royal Rumble Mark Henry
71%
2006 Judgment Day Mark Henry
71%
2001 No Mercy Triple Threat Match Rob Van Dam
69%
2004 Survivor Series 4 vs 4 Elimination Match Rob Van Dam
69%
2017 Tables, Ladders & Chairs 5-on-3 Handicap TLC Match The Miz
68%
2005 Royal Rumble Triple Threat Match John Bradshaw Layfield
66%
2001 Invasion 5 vs 5 Inaugural Brawl Bubba Ray Dudley
63%
2001 Invasion 5 vs 5 Inaugural Brawl D-Von Dudley
63%
2017 Tables, Ladders & Chairs 5-on-3 Handicap TLC Match Sheamus
63%
2017 Tables, Ladders & Chairs 5-on-3 Handicap TLC Match Braun Strowman
59%
2017 Tables, Ladders & Chairs 5-on-3 Handicap TLC Match Cesaro
59%
2006 New Year's Revolution Elimination Chamber Match Carlito
58%
2002 King of the Ring Hollywood Hulk Hogan
57%
2018 Crown Jewel Dolph Ziggler
54%
2006 New Year's Revolution Elimination Chamber Match Chris Masters
53%
2001 Invasion 5 vs 5 Inaugural Brawl Diamond Dallas Page
48%
2001 Invasion 5 vs 5 Inaugural Brawl Rhyno
44%
2000 Royal Rumble Tazz
44%
2000 Judgment Day Six-Man Tag Team Match Scotty 2 Hotty
40%
2003 Survivor Series 5 vs 5 Elimination Match A-Train
39%
2000 Judgment Day Six-Man Tag Team Match Grandmaster Sexay
38%
2017 Survivor Series 5 vs 5 Elimination Match Shinsuke Nakamura
34%
2017 Survivor Series 5 vs 5 Elimination Match Bobby Roode
30%
2000 King of the Ring KOTR Semi-Finals Crash Holly
29%
2003 Survivor Series 5 vs 5 Elimination Match Nathan Jones
29%
2003 Survivor Series 5 vs 5 Elimination Match Matt Morgan
28%
1999 Survivor Series Shawn Stasiak
26%
2005 SummerSlam Eugene
21%
1999 Armageddon Steve Blackman
17%
2004 Armageddon "Santa Claus"
11%
No matching quizzes found
Score Distribution
Percent of People with Each Score
Percentile by Number Answered
Your Score History
You have not taken this quiz since the last reset